Goya (notice nᵒ 10796)
[ vue normale ]
| 000 -Sello discográfico | |
|---|---|
| campo de control de longitud fija | 01037nam a2200361 4500 |
| 005 - Identificación de versión | |
| campo de control | 20251016084728.0 |
| 035 ## - Otros números de control del sistema | |
| Número de control del sistema | 12953 |
| 099 ## - fechas locales | |
| Tipo de ítem Koha | LIBRO |
| 100 ## - Datos de procesamiento general | |
| Datos de procesamiento general | 20040219d1954 m y1spay5003 ba |
| 101 1# - Idioma del recurso | |
| Idioma del texto, banda sonora, etc. | Alemán |
| Idioma de la obra original | Inglés |
| 105 ## - Campo de datos codificados: Material textual, monográfico | |
| Datos codificados de monografía | a 001zb |
| 200 1# - Título y mención de responsabilidad | |
| Título propio | Goya |
| Designación general del material | texto impreso |
| Otra información del título | und die demokratische tradition spaniens |
| Primer mención de responsabilidad | F.D. Klingender |
| 210 ## - Publicación, distribución, etc. | |
| Lugar de publicación, distribución, etc. | Berlin |
| Nombre del editor, distribuidor, etc. | Henschelverlag |
| Fecha de publicación, distribución, etc. | 1954 |
| 215 ## - Descripción física | |
| Designación de material específico y extensión del ítem | 379 p |
| Otras características físicas | il. |
| Dimensiones | 24 cm |
| 300 ## - Notas generales | |
| Texto de la nota | Traducción de : Goya in the democratic tradition |
| 318 ## - Nota de acción | |
| Acción | No se presta a domicilio |
| 345 ## - Nota de información de adquisición | |
| Fuente de adquisición/dirección de la suscripción [OBSOLETO] | Intercambio |
| 600 ## - Nombre personal usado como materia | |
| Elemento de entrada | Goya y Lucientes |
| Parte del nombre distinta del elemento de entrada | Francisco José de |
| Fechas | 1746-1828 |
| Número Koha | 12830 |
| 606 ## - Término temático usado como materia | |
| Elemento de entrada | Pintores españoles |
| Subdivisión temática | Biografías |
| Subdivisión cronológica | Siglo XX |
| Número Koha | 17304 |
| 676 ## - Clasificación Decimal Dewey | |
| Número | R760.09 K65g |
| 700 ## - Nombre personal - Responsabilidad primaria | |
| Elemento de entrada | Klingender |
| Parte del nombre distinta del elemento de entrada | Francis Donald |
| Número Koha | 17305 |
| 801 #0 - Fuente de origen | |
| Agencia | cm |
| 900 ## - | |
| -- | 1/6514 |
| 900 ## - | |
| -- | 7100418276\190204 |
| 942 ## - ELEMENTOS DE ENTRADA SECUNDARIOS (KOHA) | |
| Tipo de ítem Koha | Livre |
Pas d'exemplaire disponible.